|
|
|
|
| LEADER |
00744nam a22002177a 4500 |
| 001 |
5329 |
| 003 |
BD-DhAAL |
| 005 |
20151224183623.0 |
| 008 |
151224b20032000ii a|||| |||| 00| 0 eng d |
| 020 |
|
|
|a 8172248016
|
| 040 |
|
|
|a BD-DhAAL
|c BD-DhAAL
|
| 082 |
|
|
|a 155.2/82
|
| 100 |
|
|
|a Hollander, P. Scott
|9 16974
|
| 245 |
|
|
|a Handwriting analysis :
|b a complete self-teaching guide /
|c P. Scott Hollander.
|
| 260 |
|
|
|a New Delhi :
|b Jaico Publishing House,
|c 2003.
|
| 300 |
|
|
|a xviii, 313 p. :
|b ill. ;
|c 25 cm.
|
| 541 |
|
|
|e 5329
|
| 650 |
|
|
|2 Graphology.
|
| 942 |
|
|
|2 ddc
|c BK
|
| 999 |
|
|
|c 36448
|d 36448
|
| 952 |
|
|
|0 0
|1 0
|2 ddc
|4 0
|6 155_200000000000000_82_HOL
|7 0
|9 57365
|a SCL
|b SCL
|c GEN
|d 2015-12-24
|g 224.00
|l 0
|o 155.282 HOL
|p 3020005329
|r 2015-12-24
|t 1
|w 2015-12-24
|y BK
|